One Superlative for Every Country - Statistics

General Stats
  • This quiz has been taken 1,788 times
  • The average score is 37 of 196
Answers on the Map
Answers color-coded by a green-red scale on the quiz's map according to % correct below.
 
Answer Stats
Superlative Data Answer % Correct
Biggest in area 17,098,246 km2 Russia
100%
Largest in population 1,403,500,365 people China
99%
Biggest folk festival Oktoberfest, 5.6 million visitors Germany
94%
Smallest by area 0,44 km2 Vatican City
91%
Northernmost point 83°06'N Canada
89%
Highest building Burj Khalifa, 828 m United Arab Emirates
88%
Most FIFA World Cup titles 5 Brazil
86%
Biggest north-south span 4,270 km Chile
84%
Youngest 2011 South Sudan
81%
Receiving the most tourists 82.6 million visitors France
78%
Most successful in alpine skiing 28 years in a row Austria
72%
Largest Muslim population 227 million people Indonesia
71%
Largest landlocked country 2,724,900 km2 Kazakhstan
67%
Most Spanish speakers 113 million speakers Mexico
66%
Most Jewish people 6,336,400 Jews Israel
65%
Most guns per capita 120.5 guns per 100 people United States
65%
Suffering the most deaths due to ISIS at least 2,199 casualties Iraq
64%
Fastest 100m sprinter Usain Bolt, 9,58 sec Jamaica
64%
Most lemurs c. 2.400 Madagascar
62%
Longest unconquered nation since 1066 United Kingdom
59%
Most active piracy 4,185 seafarers kidnapped in 2010 Somalia
58%
Most Winter Olympic medals 368 Norway
57%
Most punctual airline airBaltic, 90.01% Latvia
55%
Most Marathoners under 2:10 hours 436 Kenya
54%
Largest delta on Earth Ganges Delta Bangladesh
53%
Oldest evidence for modern humans c. 300,000 years ago Ethiopia
53%
Most languages 840 Papua New Guinea
53%
Largest stadium 114,000 spectators North Korea
49%
Oldest city in the New World Santo Domingo, 1496 A.D. Dominican Republic
48%
Most World Heritage Sites 54 Italy
47%
Westernmost country on the African mainland Cap Vert, 17°31 W Senegal
47%
First to hold the FIFA World Cup 1930 Uruguay
44%
Oldest larger human settlement Çatalhöyük, 7,500 BC Turkey
43%
Most billionaires per capita 106.5 per mil Monaco
41%
Highest rate of obesity 61 % Nauru
40%
Most successful YouTuber PewDiePie, 75.6 million subscribers Sweden
37%
Most Portuguese speakers in Africa 29,310,273 Angola
36%
First to adopt Christianity as a state religion 301 A.D. Armenia
35%
Most recent to change name April 2018 Eswatini
35%
First to allow women to vote 1893 New Zealand
35%
First to lose its seat in the United Nations 1971 Taiwan
35%
Most UEFA Champions League wins 18 titles Spain
33%
Most recent to lose territory to another country March 2014 Ukraine
31%
Most sparsely populated nation 1.9 people per km2 Mongolia
30%
Receiving the least tourists 2,400 visitors Tuvalu
30%
Most recent to join the European Union 2013 Croatia
29%
Youngest Nobel Prize winner in history Malala Yousafzai (17 years) Pakistan
29%
Biggest absolute monarchy 33 million people Saudi Arabia
27%
First country alphabetically -- Afghanistan
26%
Oldest democracy 508 BC Greece
25%
Largest cave Sơn Đoòng, 150,000,000m3 Vietnam
25%
Last to abolish slavery 1981 Mauritania
24%
Closest to 0°N 0°E 570 km Ghana
23%
Tallest people (male) 1.83 m (6 ft 1/2 in) Netherlands
23%
Most Nobel laureates per capita 10.8 per million Saint Lucia
22%
Driest island nation 83 mm / year Bahrain
21%
Strongest passport 190 countries without visa Japan
21%
Largest waterfall Victoria Falls (two answers possible) Zambia
21%
Most official languages 37 languages Bolivia
20%
Driest nation worldwide 51 mm / year Egypt
20%
First major WWII battle against Japan Guadalcanal Campaign, 1942 - 1943 Solomon Islands
19%
Largest waterfall Victoria Falls (two answers possible) Zimbabwe
19%
Least corrupt nation in Africa 61 points out of 100 Botswana
18%
Lowest life expectancy 50.6 years (CIA) Chad
18%
Only country to lie in all four hemispheres -- Kiribati
18%
Biggest in the Caribbean 109,886 km2 Cuba
17%
Most movies 1907 India
17%
Only place to have freshwater sharks -- Nicaragua
17%
Highest beer consumption 143.3 litres per capita/year Czech Republic
16%
Longest JetPunk name 29 letters Saint Vincent and the Grenadines
16%
Northernmost African country 37° 21′ N Tunisia
16%
Closest capital to the Date Line c. 75 km Samoa
15%
Highest inflation rate 1,087.51% Venezuela
15%
City with the most foreign embassies Brussels, 183 embassies Belgium
14%
Most gorillas 80% of the Gorilla population Gabon
14%
Fastest Wi-Fi 33.5 megabits per second South Korea
14%
Most pyramids 220 Sudan
14%
Largest castle Malbork, 143,591 sq m Poland
13%
Only country to have a non-rectangular flag -- Nepal
12%
Most Christians in Asia 86,500,000 Philippines
12%
Most females in parliament c. 64% Rwanda
12%
First to accept Voodoo as an official religion 1996 Benin
11%
Smallest megadiverse country 51,100 km2 Costa Rica
11%
Smallest to have a New7Wonder Petra Jordan
11%
First ever heart transplant 1967 South Africa
11%
Only English Royal Wedding outside the UK Richard I; May 12, 1191 Cyprus
10%
Happiest country on Earth 7.632 out of 10 Finland
10%
First to officially recognize the United States December 20, 1777 Morocco
10%
Best-paid tennis player Novak Djokovic, $125,772,589 Serbia
10%
Biggest doubly landlocked country 448,978 km2 Uzbekistan
10%
First human born in Antarctica Emilio Palma, 1978 Argentina
9%
Most heavily bombed 2 million of tons Laos
9%
Last to gain independence from the US 1994, Trust Territory Palau
9%
First to adopt online voting 2005 Estonia
8%
First to produce wine c. 6000 BC Georgia
8%
Most Eurovision Song Contest wins 7 Ireland
8%
Last dodo 1662 Mauritius
8%
Least guessed on JetPunk's "Countries of the World " quiz 20% São Tomé and Príncipe
8%
Most castles and châteaux per capita 11.1 per 100,000 people Slovakia
8%
Site of the shortest war in history 38 minutes Tanzania
8%
Highest average elevation 3,280 m Bhutan
7%
First successful slave uprising 1791 - 1804 Haiti
7%
Deadliest European tornado Grand Harbour tornado, 1556 Malta
7%
Most free-living cheetahs ~ 3000 animals Namibia
7%
Oldest same defined state border Same since 1139 Portugal
7%
First female head of state (non-royal) Sirimavo Bandaranaike Sri Lanka
7%
First New World country reached by Columbus 21 October 1492 Bahamas
6%
Biggest percentage of Druze people 8% Lebanon
6%
Greatest pollution per capita 44 metric tons per capita Qatar
6%
Highest victory in an international football match 31-0 Australia
5%
Most mud volcanoes nearly 400 Azerbaijan
5%
Lowest natural increase rate (2015-2020) -6.0% of the population Bulgaria
5%
Biggest banana exporter US$3 billion Ecuador
5%
First to be known as a "banana republic" O. Henry, 1901 Honduras
5%
Highest low point 1400 m Lesotho
5%
Africa's first and oldest republic 1847 Liberia
5%
Lowest average elevation 1.8 m Maldives
5%
One-word country with the highest score in Scrabble 34 points Mozambique
5%
Highest average temperature 28.25°C (two answers possible) Burkina Faso
4%
Oldest continuously used flag since 1625 Denmark
4%
Most murders 83 per 100,000 people El Salvador
4%
Largest amount of stone money at least 6,000 stones F.S. of Micronesia
4%
Highest average temperature 28.25°C (two answers possible) Mali
4%
Only country to have a different back side on its flag -- Paraguay
4%
Heaviest building Palace of the Parliament, 4,517,822 tons Romania
4%
Most vehicles per capita 1,263 per 1,000 people San Marino
4%
Lowest fertility rate 0.84 children per woman Singapore
4%
Only country to contain - LOVE P.S. even their capital means "the loved one" Slovenia
4%
Longest non-polar glacier Fedchenko Glacier (77 km) Tajikistan
4%
Longest place name 176 letters Thailand
4%
Latest to name its highest peak after a U.S. president Mount Obama, 2009 Antigua and Barbuda
3%
Most famous blue hole Great Blue Hole Belize
3%
Highest percentage of Buddhists 96.9% Cambodia
3%
Longest-ruling president Paul Biya, since 1975 Cameroon
3%
Highest average yearly precipitation 3240 mm Colombia
3%
Biggest cocoa consumption 33% of the world's supply Côte d'Ivoire
3%
Biggest oil production per capita 261.7 barrels / person Kuwait
3%
Biggest walnut forest Arslanbob, 150,000 acres Kyrgyzstan
3%
Highest pure alcohol consumption 16.8 liters per capita/year Moldova
3%
Youngest median age (overall) 15.4 years Niger
3%
Highest percentage of forests 90.20% Suriname
3%
Most mormons (in %) 60.88% Tonga
3%
Biggest indoor Ferris wheel Arem, 57 m in diameter Turkmenistan
3%
Highest natural increase rate (2015-2020) +32.9% of the population Uganda
3%
Most dense bunkers 5.7 bunkers / sq km Albania
2%
First foreign trip by George Washington 1751 Barbados
2%
First to have full-time electric trams 1885 Bosnia and Herzegovina
2%
Most Christian UN member 99.1% East Timor
2%
Richest African country per capita $34,865 (IMF) Equatorial Guinea
2%
Highest percentage of internet users 98.24% Iceland
2%
Youngest median age (Europe) 29.1 years Kosovo
2%
First to have its own aroma wild flowers, ginger, raspberry, sandalwood and musk Lithuania
2%
Most external debt per capita $6,968,000 Luxembourg
2%
Largest roundabout 3.5 km in diameter Malaysia
2%
Most expensive ruby Sunrise Ruby, 30.42 mil $ Myanmar
2%
Most Ibadis 2.47 mil Oman
2%
Largest ship registry 222 GRT Panama
2%
Largest exporter of asparagus 117,000 metric tons Peru
2%
One-word capital with the highest score in Scrabble 34 points Republic of the Congo
2%
Most tourists per capita in Africa 1,933 per 1,000 people Seychelles
2%
Most train rides per capita 2,431 km on train every year Switzerland
2%
Biggest to have a state religion 2,381,741km2 Algeria
1%
Highest cigarette consumption per capita 6398.3 cigarettes Andorra
1%
Produces the biggest dump truck BelAZ-75710, 360,000 kg Belarus
1%
Smallest cigarette consumption per capita 9.7 cigarettes Brunei
1%
Unhappiest country on Earth 2.905 out of 10 Burundi
1%
Freest press in Africa Rank 48 (Freedom of the Press Report) Cape Verde
1%
Lowest inequality-adjusted HDI 0.212 Central African Republic
1%
Highest amount of cultivated land 76.3% Comoros
1%
Most women in relation to each man 1.16 women per man Djibouti
1%
Highest emigration percentage 49.11% Dominica
1%
Least reliant on tourism 0.66% of GDP D.R. Congo
1%
Lowest percentage of internet users 1.18% Eritrea
1%
Smallest to have land on the antimeridian 18,274 km2 Fiji
1%
Least soldiers per capita 0.4 per 1,000 people Gambia
1%
First underwater sculpture park Molinere sculpture park Grenada
1%
Youngest median age (Americas) 22.1 years Guatemala
1%
Biggest cashew nut production per capita 97 tons Guinea-Bissau
1%
Largest single drop waterfall Kaieteur, 660m3/s Guyana
1%
Highest VAT rates (standard rate) 27% Hungary
1%
Most paid vacation days 53 Iran
1%
Most dangerous to drive 73.4 accidents per 100,000 people Libya
1%
Least prisoners 10 Liechtenstein
1%
First all-broadband wireless country 2006 Macedonia
1%
First Carlsberg brewery outside Denmark 1968 Malawi
1%
Highest spending on education 14.6% of GDP Marshall Islands
1%
Deepest European canyon Tara River Canyon, 1300 m Montenegro
1%
Least carbon dioxide emissions per capita 0.5 t Nigeria
1%
Highest maternal mortality rate 1,360 per 100,000 births Sierra Leone
1%
Biggest population living below national poverty line 82.5% of all citizens (CIA) Syria
1%
Most Kabiyé speakers c. 700,000 Togo
1%
Largest natural deposit of asphalt Pitch Lake, 10 million t Trinidad and Tobago
1%
Lowest gender equality 0.516 out of 1 Yemen
1%
Biggest African producer of aluminium oxide 555,000 tons Guinea
0%
Least renewable water resources 0.02 km3 Saint Kitts and Nevis
0%
Highest natural disaster risk 36.28% Vanuatu
0%
No matching quizzes found
Score Distribution
Percent of People with Each Score
Percentile by Number Answered
Your Score History
You have not taken this quiz